000 00695nam a2200241Ia 4500
003 OSt
005 20220926003001.0
006 a|||||r|||| 00| 0
007 ta
008 220923b |||||||| |||| 00| 0 eng d
037 _cGeneral Book
040 _aRTL
_cRTL
_beng
041 _2eng
_aeng
082 _aT.2,e,F:3, L8
100 _aDas Sisir kumar
_924741
245 0 _aSahibs and Munshis
_b An account of the college of F
260 _a New Delhi
_bOrion Publications India
_c1978
300 _axiii, 192p.
_ccm.
500 _aBibliography: p.181-184
650 _aEducation
942 _hT.2,e,F:3, L8
_cGB
_2CC
999 _c606648
_d606648